000 02357namaa22003851i 4500
003 EG-GICUC
005 20260204105636.0
008 260204s1994 le ||||jr|||| 001 0 ara d
040 _aEG-GiCUC
_bara
_cEG-GiCUC
_dEG-GiCUC
_erda
082 0 4 _221
_a236.8
_bH2339
092 0 4 _221
_a236.8
_bH2339
099 _a236.8 H2339 1994
100 1 _aإبن حنبل، احمد بن محمد
_d780-855.
_eمؤلف.
245 1 2 _aالمسند /
_cللإمام أحمد حنبل . ويليه المصعد الاحمد فى ختم الإمام أحمد / للحافظ شمس الدين بن الجزرى، القول المسدد فى الذب عن مسند الإمام أحمد / لابن حجر العسقلانى، خصائص المسند / للحافظ أبى موسى المدينى، ذيل القول المسدد / للمحدث محمد صبغة الله المدارسى الهندى ؛راجعه وضبطه وعلق عليه وصنع فهارسه صدقى محمد جميل العطار
250 _aالطبعة الثانية منقحة ومصححة
264 _aبيروت (لبنان) :
_bدار الفكر،
_c1994
300 _a؛12 مجلد
_c24 سم
_bإيضاحيات، صور، مثيليات ؛ Illustrations
336 _2rdacontent
_atext
337 _2rdamedia
_aUnmediated
338 _2rdacarrier
_avolume
504 _aيشتمكل على ارجاعات ببليوجرافية
505 _aالمجلد 11-12 فهارس
541 _aد. جابر عصفور ؛
_bالقاهرة ؛
_cإهداء ؛
_d2024.
600 1 0 _aإبن حنبل، احمد بن محمد
_d780-855.
_tالمسند
_910574
650 1 7 _aالحديث
_xمسند ابن حنبل
_2qrmak
650 1 7 _aالحديث
_xنصوص
_yالاعمال الاولية
_2qrmak
651 1 _2qrmak
700 1 _aبن الجزرى، شمس الدين
_tالمصعد الأحمد فى ختم مسند الإمام أحمد
700 1 _aابن حجر العسقلاني، أحمد بن علي،
_d1372-1449
_98992
_tقول المسدّد في الذبّ عن مسند الإمام أحمد
700 1 _aالمدينى، أبى موسى
_tخصائص المسند
700 1 _aالهندى، محمد صبعة المدارسى
_tذيل القول المسدد
700 1 _aالعطار، صدقى محمد جميل
_eمراجع.
905 _aHuda
942 _2ddc
_cBK
_e21
_n0
999 _c178178
_d178178